| 000 | 00382nam a2200169Ia 4500 | ||
|---|---|---|---|
| 008 | 180207s9999 xx 000 0 und d | ||
| 020 | _a9782723400718 | ||
| 050 | _bS488 1993 | ||
| 100 | _aSerre, Claude | ||
| 245 | _aLe sport / | ||
| 260 | _a[Grenoble] : | ||
| 260 | _bGlenat, | ||
| 260 | _c1993 | ||
| 300 | _aunpaged : | ||
| 300 | _bcolor illustration ; | ||
| 300 | _c20cm. | ||
| 999 |
_c355335 _d355335 |
||